Shinkō to shakai kagaku no aida shōbun, . hoi /
Saved in:
| 主要作者: | |
|---|---|
| 格式: | 图书 |
| 语言: | Japanese |
| 出版: |
Tōkyō :
Iwanami Shoten,
1969.
|
| 丛编: | Ōtsuka Hisao chosakushū ;
dai 10-kan |
| 主题: | |
| 标签: |
添加标签
没有标签, 成为第一个标记此记录!
|
| LEADER | 01000nam a2200265u 4500 | ||
|---|---|---|---|
| 001 | 007743407-2 | ||
| 005 | 20024617115958.0 | ||
| 008 | 910117s1970 ja af b 000 0 jpn d | ||
| 035 | 0 | |a ocm23300006 | |
| 040 | |a *CGU* |c *CGU* |d *YNH* |d CStRLIN | ||
| 100 | 1 | |6 880-01 |a Ōtsuka, Hisao, |d 1907-1996. | |
| 245 | 1 | 0 | |6 880-02 |a Shinkō to shakai kagaku no aida shōbun, . hoi / |c [chosha Ōtsuka Hisao]. |
| 260 | |6 880-03 |a Tōkyō : |b Iwanami Shoten, |c 1969. | ||
| 300 | |a xi, 545 p., [1] leaf of plates : |b ill. ; |c 22 cm. | ||
| 490 | 1 | |6 880-04 |a Ōtsuka Hisao chosakushū ; |v dai 10-kan | |
| 504 | |a Includes bibliographical references. | ||
| 650 | 0 | |a Christian ethics. | |
| 650 | 0 | |a Religion and sociology. | |
| 650 | 0 | |a Corporations. | |
| 880 | 1 | |6 100-01 |a 大塚久雄, |d 1907- | |
| 880 | 1 | 0 | |6 245-02 |a 信仰と社会科学のあいだ小文. 補遺/ |c [著者大塚久雄]. |
| 880 | |6 260-03 |a 東京 : |b 岩波書房, |c 1969. | ||
| 880 | 1 | |6 490-04 |a 大塚久雄著作集 ; |v 第10卷 | |
| 988 | |a 20021214 | ||
| 906 | |0 OCLC | ||


